Forum de Tokyo 13 au 15 mai 1991 Actes du forum de Tokyo sur les strategies de developpement pour les pays les moins avances pendant les annees 90
Uložené v:
| Médium: | Kniha |
|---|---|
| Jazyk: | French |
| Vydavateľské údaje: |
New York
Nations Unies
1991
|
| Vydanie: | 1. éd. |
| Predmet: | |
| Tagy: |
Žiadne tagy, Buďte prvý, kto otaguje tento záznam!
|
MARC
| LEADER | 00000nam a2200000 4500 | ||
|---|---|---|---|
| 001 | c003439 | ||
| 005 | 20221214093622.5 | ||
| 041 | 0 | |a fre | |
| 044 | |a US | ||
| 245 | 1 | 0 | |a Forum de Tokyo 13 au 15 mai 1991 |b Actes du forum de Tokyo sur les strategies de developpement pour les pays les moins avances pendant les annees 90 |
| 250 | |a 1. éd. | ||
| 264 | 1 | |a New York |b Nations Unies |c 1991 | |
| 300 | |a 248 s. | ||
| 610 | 2 | 0 | |a krajiny rozvojové |
| 610 | 2 | 0 | |a rozvoj sociálno-ekonomický |
| 610 | 2 | 0 | |a stratégia hospodárska |
| 610 | 2 | 0 | |a Afrika |
| 610 | 2 | 0 | |a poľnohospodárstvo |
| 610 | 2 | 0 | |a prostredie životné |
| 610 | 2 | 0 | |a obyvateľstvo |
| 610 | 2 | 0 | |a zdroje finančné |
| 610 | 2 | 0 | |a podnik |
| 610 | 2 | 0 | |a intervencionizmus štátny |
| 610 | 2 | 0 | |a investície zahraničné |
| 610 | 2 | 0 | |a úroveň rozvoja hospodárskeho |
| 610 | 2 | 0 | |a pomoc hospodárska |